000 00909ata a2200289 4500
005 20160919143043.0
008 150514b xxu||||| |||| 00| 0 spa d
020 _a9789586829045
041 _aspa
082 _a658.1 M779c
100 _aMontes Salazar, Carlos
_921363
100 _aMontilla Galvis, Omar de Jesús
_921364
100 _aMejía Soto, Eutimio
_921365
245 _aControl y evaluación de la gestión organizacional
260 _aColombia
_bAlfaomega
_c2014
300 _a316 páginas
650 _aORGANIZACIONES
_921366
650 _aAUDITORÍA DE CONTROL
_921367
650 _aAUDITORÍA DE GESTIÓN
_92659
650 _aCONTROL INTERNO
_9762
650 _aEVALUACIÓN DE RIESGOS
_98125
650 _aPLANEACIÓN ESTRATÉGICA
_9804
650 _aEVALUACIÓN DE LA GESTIÓN
_921368
650 _aINDICADORES DE GESTIÓN
_921369
650 _aCÓDIGO DE ÉTICA
_96313
942 _cBK
999 _c8423
_d8423